Central Library OPAC University of Rajshahi
Normal view MARC view

Entry Personal Name

Number of records used in: 2

001 - CONTROL NUMBER

  • control field: 10196

003 - CONTROL NUMBER IDENTIFIER

  • control field: BD-RjUL

005 - DATE AND TIME OF LATEST TRANSACTION

  • control field: 20231127113702.0

008 - FIXED-LENGTH DATA ELEMENTS

  • fixed length control field: 231127|| aca||aabn | a|a d

040 ## - CATALOGING SOURCE

  • Original cataloging agency: BD-RjUL
  • Transcribing agency: BD-RjUL

100 ## - HEADING--PERSONAL NAME

  • Personal name: Islam, Md. Al-Amin-Al-Azadul, Co-Supervisors

670 ## - SOURCE DATA FOUND

  • Source citation: Work cat.: (BD-RjUL)82352: ZAHAN, RONOK 10194, Synthesis and Characterization of Some Transition Metal Complexes of NS Donor Ligands and Study of Their Biological Activities /, 2018